Engineering Drawing / (Record no. 183213)
[ view plain ]
| 000 -LEADER | |
|---|---|
| fixed length control field | 01111 a2200181 4500 |
| 003 - CONTROL NUMBER IDENTIFIER | |
| control field | Nust |
| 005 - DATE AND TIME OF LATEST TRANSACTION | |
| control field | 20221014123026.0 |
| 040 ## - CATALOGING SOURCE | |
| Transcribing agency | Nust |
| 082 ## - DEWEY DECIMAL CLASSIFICATION NUMBER | |
| Classification number | 604.2,PAR |
| 100 ## - MAIN ENTRY--PERSONAL NAME | |
| Personal name | Pare Eugene G. |
| 9 (RLIN) | 40614 |
| 245 ## - TITLE STATEMENT | |
| Title | Engineering Drawing / |
| Statement of responsibility, etc. | Eugene G. Pare |
| 260 ## - PUBLICATION, DISTRIBUTION, ETC. | |
| Place of publication, distribution, etc. | New York |
| Name of publisher, distributor, etc. | Henry Holt |
| Date of publication, distribution, etc. | 1959 |
| 300 ## - PHYSICAL DESCRIPTION | |
| Extent | 500p |
| 505 ## - FORMATTED CONTENTS NOTE | |
| Formatted contents note | Evolution of Engineering Drawing (Page-1), Mechanics of Drafting (Page-7), Freehand Drafting and Lettering (Page-32), Graphs Constructions (Page-48), Charts and Graphs (Page-73), Orthographic Projection (Page-91) ,Orthographic Reading (Page-109), Auxiliary Views (Page-136), Sectional Views (Page-156), Conventional Drafting Practices (Page-177), Instrumental Pictorials (Page-188), Pictorial Rendering (Page-214), Graphic Mathematics (Page-225), Size Description (Page-270), Production Processes and Precision (Page-289), Threads and Fasteners (Page-323), Details and Assembly Drawings (Page-349), Blueprint Reading and Review Problems (Page-376),Simplified Drafting (Page-389). |
| 600 ## - SUBJECT ADDED ENTRY--PERSONAL NAME | |
| Personal name | Eugene G. Pare |
| 9 (RLIN) | 100327 |
| 650 ## - SUBJECT ADDED ENTRY--TOPICAL TERM | |
| Topical term or geographic name entry element | Engineering Drawing |
| 9 (RLIN) | 73872 |
| 942 ## - ADDED ENTRY ELEMENTS (KOHA) | |
| Source of classification or shelving scheme | |
| Koha item type | Book |
| Withdrawn status | Lost status | Source of classification or shelving scheme | Damaged status | Not for loan | Permanent Location | Current Location | Shelving location | Date acquired | Full call number | Barcode | Date last seen | Price effective from | Koha item type | Public note |
|---|---|---|---|---|---|---|---|---|---|---|---|---|---|---|
| Military College of Signals (MCS) | Military College of Signals (MCS) | General Stacks | 12/12/2016 | 604.2,PAR | MCS5674 | 12/08/2016 | 12/12/2016 | Book | Almirah No.26, Shelf No.2 | |||||
| Military College of Signals (MCS) | Military College of Signals (MCS) | General Stacks | 12/12/2016 | 604.2,PAR | MCS5705 | 12/08/2016 | 12/12/2016 | Book | Almirah No.88, Shelf No.1 |
